| 000 | 00425nab a2200145Ia 4500 | ||
|---|---|---|---|
| 003 | ES-SlBCS | ||
| 005 | 20210601131744.0 | ||
| 008 | 140529s1929 xxu||||| |||| 00| 0 fre d | ||
| 041 | _afre | ||
| 100 | 1 |
_aGréco, Albert _9188614 |
|
| 245 | 0 | 0 |
_aLes origines spirituelles de la France _c Albert Gréco |
| 651 | 4 |
_aFrancia _987987 |
|
| 773 | 0 |
_tVie Intelectuelle (La) _gvol. 2, nº. 6, 1929, págs. 506-522 _wRev907 |
|
| 942 | _cAR | ||
| 999 |
_c568238 _d568238 |
||